Statystyki dla Sąsiedzi Polski w 15 sekund

Kliknij tutaj aby rozwiązać quiz!

Ogólne statystyki

  • Ten quiz został rozwiązany 293 razy
  • Średni wynik to 6 z 7

Odpowiedzi na mapie

Odpowiedzi skodowane kolorowo w zielono-czerwonej skali na mapie do tego quizu, zgodnie z poniższymi procentami.
 

Statystyki odpowiedzi

Sąsiad% Poprawnych
Niemcy
91%
Ukraina
84%
Rosja
83%
Czechy
80%
Białoruś
77%
Litwa
76%
Słowacja
72%

Rozkład punktacji

Percentyl według liczby udzielonych odpowiedzi

Procent ludzi z każdym wynikiem

Twoja historia wyników

Nie rozwiązałeś tego quizu